Dr. Seuss Book: Any Word A-Z Quiz Stats

 Plays Quiz Updated Jun 21, 2017

Also try: Green Eggs and Ham
Challenge
Share
Tweet
Embed
Score 0/25 Timer 04:00
0 Plays Today
Letter Answer % Correct
HHat
97%
AA
95.8%
CCat
95.5%
GGreen
94.2%
TThidwick
94%
IIf
92.4%
BBook
89.7%
OOf
88.3%
EEgg
87.2%
FFish
85.4%
WWho
82.2%
YYertle
79.5%
PPool
75.9%
Letter Answer % Correct
RRan
75.6%
MMulberry
73.8%
SStreet
73.6%
ZZoo
62.6%
LLorax
60%
KKing's
54.8%
DDr.
48.4%
NNoises
48.3%
UUp
41.9%
JJet
6.9%
VVet
4.4%
QQuizzer
4.2%

You're not logged in!

Compare scores with friends on all Sporcle quizzes.
OR
Log In

You Might Also Like...

Show Comments

Extras

Top Quizzes Today


Score Distribution

Your Account Isn't Verified!

In order to create a playlist on Sporcle, you need to verify the email address you used during registration. Go to your Sporcle Settings to finish the process.

Report this User

Report this user for behavior that violates our Community Guidelines.

Details: